Vineyard prey #16 : a Martha's Vineyard mystery / ... Read More
Available copies
- 1 of 1 copy available at LARL/NWRL Consortium. (Show)
- 1 of 1 copy available at Northwest Regional Library.
Current holds
0 current holds with 1 total copy.
Show Only Available Copies
| Location | Call Number / Copy Notes | Barcode | Shelving Location | Status | Due Date |
|---|---|---|---|---|---|
| Greenbush Public Library | CRA (Text) | 35500003631403 | Main | Available | - |
Record details
- ISBN: 0743246772
- Physical Description: 239 p. : map ; 23 cm.
- Publisher: New York : Scribner, c2005.
Search for related items by subject
| Subject: | Adult Mystery Jackson, Jeff (Fictitious character) > Fiction. Private investigators > Massachusetts > Martha's Vineyard > Fiction. Martha's Vineyard (Mass.) > Fiction. |
| Genre: | Mystery fiction. |
Search for related items by series
| LDR | 01399cam a22003378a 4500 | ||
|---|---|---|---|
| 001 | 59703 | ||
| 003 | LARL_NWRL_CONSORTIUM | ||
| 005 | 20050523080338.0 | ||
| 008 | 041006s2005 nyu 000 1 eng | ||
| 020 | . | ‡a0743246772 | |
| 035 | . | ‡a(OCoLC)56777586 | |
| 043 | . | ‡an-us-ma | |
| 082 | 0 | 0. | ‡a813/.54 ‡222 |
| 100 | 1 | . | ‡aCraig, Philip R., ‡d1933-2007. ‡0(LARL_NWRL_CONSORTIUM)97143 |
| 245 | 1 | 0. | ‡aVineyard prey ‡n#16 : ‡ba Martha's Vineyard mystery / ‡cby Philip R. Craig. |
| 260 | . | ‡aNew York : ‡bScribner, ‡cc2005. | |
| 300 | . | ‡a239 p. : ‡bmap ; ‡c23 cm. | |
| 490 | 0 | . | ‡aMartha's Vineyard ; ‡v16 |
| 650 | . | ‡aAdult Mystery | |
| 650 | 0. | ‡aJackson, Jeff (Fictitious character) ‡vFiction. ‡0(LARL_NWRL_CONSORTIUM)169722 | |
| 650 | 0. | ‡aPrivate investigators ‡zMassachusetts ‡zMartha's Vineyard ‡vFiction. ‡0(LARL_NWRL_CONSORTIUM)174430 | |
| 651 | 0. | ‡aMartha's Vineyard (Mass.) ‡vFiction. ‡0(LARL_NWRL_CONSORTIUM)166140 | |
| 655 | 7. | ‡aMystery fiction. ‡2gsafd | |
| 901 | . | ‡a59703 ‡bOCLC ‡c59703 ‡tbiblio | |

Add to basket
Permalink
Disable Highlighting